Lanean...
ശ്രീ മഹാഭാരതം ഗദ്യം /
| Egile nagusia: | |
|---|---|
| Formatua: | Printed Book |
| Hizkuntza: | Malayalam |
| Argitaratua: |
Current Books ,
1988.
|
| LEADER | 00613nam a2200157Ia 4500 | ||
|---|---|---|---|
| 008 | 150624b xxu||||| |||| 00| | mal d | ||
| 082 | |a 294.184 | ||
| 100 | |a Damodaran Nair, K. N. | ||
| 245 | |c കെ.എൻ ദാമോദരൻ നായർ |a ശ്രീ മഹാഭാരതം ഗദ്യം / | ||
| 246 | |a Sree mahabharatham gadyam / |h Malayalam | ||
| 260 | |b Current Books , |c 1988. | ||
| 300 | |a 224 p. | ||
| 546 | |a In Malayalam. | ||
| 942 | |c BK | ||
| 999 | |c 81086 |d 81086 | ||
| 952 | |0 0 |1 0 |4 2 |6 294_184000000000000_EZH_M_M |7 0 |9 81030 |a UL |b UL |c ST1 |d 1998-08-28 |l 6 |o 294.184 EZH/M M |p 60311 |r 2014-09-24 |s 2014-09-22 |w 2012-10-27 |y BK | ||